[Event "Barcelona IM Norm 2nd"]
[Site "Barcelona"]
[Date "2019.06.01"]
[Round "8.2"]
[White "Bielecki, Pawel"]
[Black "Garcia Playa, David"]
[Result "0-1"]
[WhiteElo "2069"]
[BlackElo "2057"]
[PlyCount "152"]
[EventDate "2019.04.06"]
[EventType "tourn"]
[EventRounds "9"]
[EventCountry "ESP"]
[SourceTitle "EXT 2024"]
[Source "ChessBase"]
[SourceDate "2023.10.10"]
[SourceVersion "1"]
[SourceVersionDate "2023.10.10"]
[SourceQuality "1"]

1. e4 c6 2. Nc3 d5 3. Nf3 Bg4 4. h3 Bh5 5. exd5 cxd5 6. Bb5+ Nc6 7. g4 Bg6 8. Ne5 Rc8 9. h4 f6 10. Nxg6 hxg6 11. d4 Kf7 12. h5 gxh5 13. gxh5 e6 14. Qg4 Nce7 15. Bd2 f5 16. Qe2 a6 17. Bd3 Nc6 18. Qe3 Nf6 19. Be2 Qb6 20. Rh4 Bd6 21. 0-0-0 Ne7 22. Bf3 Qc6 23. Re1 Bb8 24. Bd1 b5 25. Kb1 Rh7 26. Reh1 Rch8 27. Qg5 b4 28. Ne2 Ne4 29. Qe3 a5 30. f3 Nd6 31. b3 Nb5 32. Nf4 Bxf4 33. Qxf4 Rc8 34. R1h2 Na3+ 35. Kb2 Nxc2 36. Qe5 Na3 37. Rg2 Qa6 38. Qe3 Qc6 39. Qe5 a4 40. Qe2 axb3 41. Bxb3 Nc4+ 42. Kb1 Na3+ 43. Kb2 Nc4+ 44. Kb1 Na5 45. Qd3 Rhh8 46. Rh1 Nc4 47. Bxb4 Rb8 48. Bxe7 Kxe7 49. Rxg7+ Kd6 50. Rg6 Na3+ 51. Ka1 Rxb3 52. Qxb3 Nc2+ 53. Kb2 Nxd4 54. Qb4+ Qc5 55. Qxc5+ Kxc5 56. h6 Rb8+ 57. Kc3 Ne2+ 58. Kc2 Nd4+ 59. Kc3 Ne2+ 60. Kc2 Nd4+ 61. Kd3 Nxf3 62. Rc1+ Kd6 63. Ke3 Ne5 64. Rg7 Ng4+ 65. Kf4 Nxh6 66. Rcc7 Rb4+ 67. Kg5 Ng4 68. Ra7 Ne3 69. Kf6 Ng4+ 70. Kg5 Ke5 71. Ra6 Nf6 72. Rga7 Rg4+ 73. Kh6 Ng8+ 74. Kh7 f4 75. Rf7 Nf6+ 76. Kh6 Kf5 0-1

[Event "Barcelona IM Norm 2nd"]
[Site "Barcelona"]
[Date "2019.04.27"]
[Round "3.2"]
[White "Garcia Espelta, Josep"]
[Black "Bielecki, Pawel"]
[Result "0-1"]
[WhiteElo "2037"]
[BlackElo "2069"]
[PlyCount "140"]
[EventDate "2019.04.06"]
[EventType "tourn"]
[EventRounds "9"]
[EventCountry "ESP"]
[SourceTitle "EXT 2024"]
[Source "ChessBase"]
[SourceDate "2023.10.10"]
[SourceVersion "1"]
[SourceVersionDate "2023.10.10"]
[SourceQuality "1"]

1. e4 c5 2. Nf3 e6 3. d4 cxd4 4. Nxd4 a6 5. Nc3 b5 6. Bd3 Qb6 7. Nf3 Qc7 8. 0-0 Nc6 9. Re1 d6 10. a4 b4 11. Na2 Nf6 12. Bd2 Rb8 13. Rc1 Be7 14. b3 0-0 15. c3 bxc3 16. Bxc3 e5 17. b4 Be6 18. Qd2 Qa7 19. Rb1 Nd7 20. b5 axb5 21. Bxb5 Rfc8 22. Nb4 Nxb4 23. Bxb4 Nc5 24. Qe3 Ra8 25. Bxc5 Rxc5 26. Rbc1 Qc7 27. Rxc5 dxc5 28. Qc3 Bd6 29. Nd2 Qa5 30. Qxa5 Rxa5 31. Rc1 Kf8 32. Kf1 Ke7 33. Ke1 Ra7 34. Nc4 Bc7 35. Ke2 Ra8 36. Ne3 Bb6 37. f3 Rd8 38. Rd1 Rd4 39. Rxd4 cxd4 40. Nc4 Bc7 41. Kd3 f6 42. Bc6 Bc8 43. Bb5 Be6 44. Nb2 Ba5 45. Nc4 Bc7 46. Bc6 Bc8 47. Nb2 Kd6 48. Bb5 Kc5 49. Kc2 Ba5 50. Nd3+ Kd6 51. Bc4 f5 52. Kb3 fxe4 53. fxe4 Bb7 54. g3 Bxe4 55. Nf2 Bf5 56. g4 Bg6 57. h4 h6 58. Bg8 Kc5 59. h5 Be8 60. Ne4+ Kc6 61. Kc4 Bd7 62. g5 Bg4 63. gxh6 Be2+ 64. Kb3 gxh6 65. Bf7 d3 66. Bc4 Be1 67. Nf6 Kc5 68. Ng8 Kd4 69. Nxh6 Bd1+ 70. Kb2 Kxc4 0-1

[Event "Barcelona IM Norm 2nd"]
[Site "Barcelona"]
[Date "2019.04.06"]
[Round "1.1"]
[White "Bielecki, Pawel"]
[Black "Gotes Perez, Jaume"]
[Result "1-0"]
[WhiteElo "2069"]
[BlackElo "1944"]
[PlyCount "101"]
[EventDate "2019.04.06"]
[EventType "tourn"]
[EventRounds "9"]
[EventCountry "ESP"]
[SourceTitle "EXT 2024"]
[Source "ChessBase"]
[SourceDate "2023.10.10"]
[SourceVersion "1"]
[SourceVersionDate "2023.10.10"]
[SourceQuality "1"]

1. c4 e5 2. g3 Nc6 3. Bg2 f5 4. Nc3 Nf6 5. e3 Bb4 6. Nge2 Bxc3 7. Nxc3 e4 8. d3 exd3 9. Qxd3 d6 10. 0-0 0-0 11. b3 Qe7 12. Bb2 Re8 13. Nd5 Nxd5 14. cxd5 Nb4 15. Qc3 Na6 16. b4 Bd7 17. Rfd1 Rac8 18. a3 c6 19. dxc6 Bxc6 20. Bxc6 Rxc6 21. Qb3+ Qe6 22. Qxe6+ Rxe6 23. Bd4 Nc7 24. Bxa7 b6 25. Rac1 Rxc1 26. Rxc1 Nb5 27. Bxb6 Nxa3 28. Bd4 Nb5 29. Bb2 Re4 30. Bd4 Nxd4 31. exd4 Rxd4 32. Rb1 Re4 33. b5 Re7 34. b6 Rb7 35. Kg2 Kf7 36. Kf3 g5 37. h4 h6 38. hxg5 hxg5 39. Ke3 Ke6 40. Kd4 Kd7 41. Kd5 Rb8 42. f4 gxf4 43. gxf4 Rb7 44. Rb2 Rb8 45. b7 Kc7 46. Rc2+ Kd7 47. Rh2 Kc7 48. Rh7+ Kb6 49. Kxd6 Rd8+ 50. Ke6 Re8+ 51. Kxf5 1-0

[Event "Barcelona Electrica de Baleares"]
[Site "Barcelona"]
[Date "2018.09.22"]
[Round "1"]
[White "Bielecki, Pawel"]
[Black "Del Amo Carbo, Jordi"]
[Result "1/2-1/2"]
[WhiteElo "2073"]
[BlackElo "2153"]
[PlyCount "46"]
[EventDate "2018.09.22"]
[EventType "tourn"]
[EventRounds "9"]
[EventCountry "ESP"]
[SourceTitle "CBM 187 Extra"]
[Source "ChessBase"]
[SourceDate "2018.11.04"]
[SourceVersion "1"]
[SourceVersionDate "2018.11.04"]
[SourceQuality "1"]

1. e4 e5 2. Nf3 Nc6 3. Bc4 Nf6 4. d3 Bc5 5. c3 0-0 6. 0-0 d5 7. exd5 Nxd5 8. Re1 Bg4 9. h3 Bh5 10. Nbd2 Nb6 11. Ne4 Be7 12. Bb3 Bg6 13. Ng3 Bxd3 14. Nxe5 Nxe5 15. Rxe5 Bf6 16. Re3 Bc4 17. Re1 Qxd1 18. Rxd1 Be5 19. Be3 Rfe8 20. Bxb6 Bxb3 21. axb3 axb6 22. Kf1 Kf8 23. Nf5 g6 1/2-1/2

[Event "Sitges op 43rd"]
[Site "Sitges"]
[Date "2017.07.22"]
[Round "1"]
[White "Bielecki, Pawel"]
[Black "Cori, Jorge Moise"]
[Result "0-1"]
[WhiteElo "2120"]
[BlackElo "2636"]
[PlyCount "80"]
[EventDate "2017.07.22"]
[EventType "swiss"]
[EventRounds "9"]
[EventCountry "ESP"]
[SourceTitle "CBM 179 Extra"]
[Source "ChessBase"]
[SourceDate "2017.08.23"]
[SourceVersion "1"]
[SourceVersionDate "2017.08.23"]
[SourceQuality "1"]

1. e4 c5 2. Nf3 Nc6 3. Bb5 g6 4. Bxc6 dxc6 5. d3 Bg7 6. h3 e5 7. a4 a5 8. Na3 f6 9. Be3 b6 10. Qd2 Ne7 11. Nc4 Be6 12. b3 h6 13. Qc3 0-0 14. 0-0 g5 15. Bc1 Ng6 16. Kh2 h5 17. Bb2 Ra7 18. Qd2 Bh6 19. Qe1 Rh7 20. Ng1 g4 21. Bc1 Bg7 22. Ne3 Qd7 23. Nc4 Qc7 24. Kh1 Nf4 25. Bxf4 exf4 26. Rd1 Rd8 27. Qe2 Rh6 28. Rfe1 Rg6 29. Qd2 Bh6 30. Qc3 f3 31. e5 fxg2+ 32. Kxg2 gxh3+ 33. Kh1 Bd5+ 34. f3 h2 35. Kxh2 Bf4+ 36. Kh1 Qg7 37. Re4 Bxe4 38. fxe4 Rg2 39. Nf3 Qg3 40. Rg1 Qh3+ 0-1

[Event "Barcelona Paredes Memorial 19th"]
[Site "Barcelona"]
[Date "2017.06.03"]
[Round "7"]
[White "Jimenez Ruano, Adrian"]
[Black "Bielecki, Pawel"]
[Result "1/2-1/2"]
[WhiteElo "2042"]
[BlackElo "2102"]
[PlyCount "29"]
[EventDate "2017.04.22"]
[EventType "swiss"]
[EventRounds "9"]
[EventCountry "ESP"]
[SourceTitle "EXT 2018"]
[Source "ChessBase"]
[SourceDate "2017.10.13"]
[SourceVersion "1"]
[SourceVersionDate "2017.10.13"]
[SourceQuality "1"]

1. d4 Nf6 2. c4 g6 3. Nc3 d5 4. cxd5 Nxd5 5. e4 Nxc3 6. bxc3 c5 7. Qa4+ Bd7 8. Qa3 cxd4 9. cxd4 e5 10. Qb2 Nc6 11. d5 Bb4+ 12. Bd2 Bxd2+ 13. Qxd2 Nd4 14. Ne2 Nb5 15. Ng3 1/2-1/2

[Event "Barcelona Paredes Memorial 19th"]
[Site "Barcelona"]
[Date "2017.04.22"]
[Round "1"]
[White "Claramunt Bassegoda, Marcel"]
[Black "Bielecki, Pawel"]
[Result "0-1"]
[WhiteElo "1869"]
[BlackElo "2102"]
[PlyCount "80"]
[EventDate "2017.04.22"]
[EventType "swiss"]
[EventRounds "9"]
[EventCountry "ESP"]
[SourceTitle "EXT 2018"]
[Source "ChessBase"]
[SourceDate "2017.10.13"]
[SourceVersion "1"]
[SourceVersionDate "2017.10.13"]
[SourceQuality "1"]

1. e4 c5 2. Nc3 Nc6 3. f4 g6 4. Nf3 Bg7 5. Bc4 e6 6. 0-0 Nge7 7. d3 0-0 8. Qe1 d5 9. Bb3 Nd4 10. Nxd4 cxd4 11. Nd1 Bd7 12. Qh4 dxe4 13. dxe4 Bb5 14. Rf3 Nc6 15. Qxd8 Rfxd8 16. Bd2 Be2 17. Rf2 d3 18. c3 Na5 19. Ne3 Nxb3 20. axb3 b5 21. b4 f5 22. e5 g5 23. Nc2 dxc2 24. Rxe2 gxf4 25. Bxf4 Rd1+ 26. Re1 Rxe1+ 27. Rxe1 Rd8 28. Kf2 Rd1 29. g3 Kf7 30. Ke2 Rb1 31. Kd2 Bxe5 32. Rc1 Bxf4+ 33. gxf4 Rxb2 34. Kd3 Ra2 35. Kd4 Kf6 36. c4 bxc4 37. Kxc4 Ra6 38. Kb5 Rb6+ 39. Ka5 Rc6 40. b5 Rc7 0-1

[Event "Barcelona Sant Marti op-A 18th"]
[Site "Barcelona"]
[Date "2016.07.14"]
[Round "2"]
[White "Bielecki, Pawel"]
[Black "Lillo Castany, Victor"]
[Result "1/2-1/2"]
[WhiteElo "2023"]
[BlackElo "2312"]
[PlyCount "138"]
[EventDate "2016.07.13"]
[EventType "swiss"]
[EventRounds "9"]
[EventCountry "ESP"]
[SourceTitle "CBM 173 Extra"]
[Source "ChessBase"]
[SourceDate "2016.08.29"]
[SourceVersion "1"]
[SourceVersionDate "2016.08.29"]
[SourceQuality "1"]

1. e4 e5 2. Nf3 Nc6 3. Bb5 Nf6 4. 0-0 Bc5 5. d3 d6 6. Be3 Bxe3 7. fxe3 0-0 8. Nc3 Ne7 9. Qe1 Ng6 10. Ba4 c6 11. Bb3 d5 12. exd5 Nxd5 13. Nxd5 cxd5 14. e4 Be6 15. Qg3 dxe4 16. dxe4 Bxb3 17. axb3 Rc8 18. Qf2 a6 19. Rad1 Qe7 20. Rd2 Rc7 21. Rfd1 Rfc8 22. g3 h6 23. c3 Qe6 24. Rd5 Kh7 25. R1d2 Re7 26. Qe3 Rc6 27. Qd3 Qg4 28. Kh1 Rf6 29. Ne1 h5 30. Qe2 Qxe2 31. Rxe2 h4 32. Kg2 Rb6 33. b4 f6 34. Nc2 Rc7 35. Ne3 hxg3 36. hxg3 Ne7 37. Rd8 Nc6 38. Rd1 Ne7 39. Kf3 Kg6 40. Rd8 Kf7 41. Red2 Rbc6 42. Ke2 Rc8 43. R8d7 g6 44. Rxb7 R6c7 45. Rd7 Rxd7 46. Rxd7 Ke6 47. Rb7 Rc6 48. g4 Rd6 49. Nc4 Rc6 50. Na5 Rd6 51. Nb3 f5 52. Nc5+ Kf6 53. gxf5 gxf5 54. exf5 Rc6 55. Ra7 Nd5 56. Rxa6 Rxa6 57. Nxa6 Kxf5 58. Nc5 e4 59. b5 Ke5 60. Nb3 Nb6 61. Nd2 Na4 62. Ke3 Nxb2 63. Nxe4 Nc4+ 64. Kd3 Nb2+ 65. Kc2 Nc4 66. Kd3 Nb2+ 67. Ke3 Kd5 68. Nd2 Nd1+ 69. Kd3 Nxc3 1/2-1/2

[Event "Barcelona Sant Marti op-A 18th"]
[Site "Barcelona"]
[Date "2016.07.13"]
[Round "1"]
[White "Dardha, Arben"]
[Black "Bielecki, Pawel"]
[Result "1/2-1/2"]
[WhiteElo "2330"]
[BlackElo "2023"]
[PlyCount "75"]
[EventDate "2016.07.13"]
[EventType "swiss"]
[EventRounds "9"]
[EventCountry "ESP"]
[SourceTitle "CBM 173 Extra"]
[Source "ChessBase"]
[SourceDate "2016.08.29"]
[SourceVersion "1"]
[SourceVersionDate "2016.08.29"]
[SourceQuality "1"]

1. e4 c5 2. Nf3 e6 3. d4 cxd4 4. Nxd4 a6 5. c4 Nf6 6. Nc3 Qc7 7. Be3 Bb4 8. Qd3 Nc6 9. Nxc6 dxc6 10. a3 Be7 11. Be2 e5 12. 0-0 Be6 13. Rac1 0-0 14. Nd5 Nxd5 15. cxd5 Bc8 16. dxc6 bxc6 17. Qc3 Bd7 18. b4 Rfb8 19. Rfd1 Be8 20. Bc5 Rb7 21. Bxe7 Qxe7 22. Qc5 Qxc5 23. Rxc5 f6 24. g3 Kf8 25. f3 g5 26. f4 gxf4 27. gxf4 exf4 28. Kf2 Re7 29. Kf3 Bg6 30. Rd4 Rae8 31. Bd3 Re5 32. Rxc6 a5 33. b5 Kg7 34. Kxf4 Rh5 35. b6 Rxh2 36. b7 Rb2 37. Rd7+ Kh6 38. Rxf6 1/2-1/2

[Event "Barcelona Tres Peons-A 45th"]
[Site "Barcelona"]
[Date "2016.06.03"]
[Round "8.4"]
[White "Jimenez Ruano, Adrian"]
[Black "Bielecki, Pawel"]
[Result "1-0"]
[WhiteElo "2089"]
[BlackElo "1990"]
[PlyCount "161"]
[EventDate "2016.04.15"]
[EventType "swiss"]
[EventRounds "9"]
[EventCountry "ESP"]
[SourceTitle "EXT 2024"]
[Source "ChessBase"]
[SourceDate "2023.10.10"]
[SourceVersion "1"]
[SourceVersionDate "2023.10.10"]
[SourceQuality "1"]

1. d4 Nf6 2. c4 g6 3. f3 Nc6 4. d5 Ne5 5. e4 d6 6. Nc3 Bg7 7. f4 Ned7 8. Nh3 0-0 9. Be2 Nc5 10. Nf2 e5 11. dxe6 Bxe6 12. 0-0 Nfd7 13. Be3 f5 14. exf5 Bxf5 15. Bf3 Re8 16. Re1 Rb8 17. Rc1 a5 18. Qd2 Kh8 19. Nb5 a4 20. Bd4 Rxe1+ 21. Rxe1 Nf6 22. g4 Bd7 23. g5 Ne8 24. Qc3 Ne6 25. Bxg7+ N8xg7 26. Qf6 Qxf6 27. gxf6 Nf5 28. Bd5 Nxf4 29. Nxc7 Nxd5 30. Nxd5 Rf8 31. Ne4 Bc6 32. Nec3 h6 33. Kf2 Kg8 34. b4 axb3 35. axb3 Kf7 36. Ra1 Re8 37. Ra7 Rd8 38. b4 Bxd5 39. Nxd5 Rd7 40. Ra8 b5 41. cxb5 Ke6 42. Nf4+ Kxf6 43. b6 Ne7 44. Ra7 Rd8 45. b7 Nc6 46. Ra6 Nb8 47. Rb6 g5 48. Nd3 Ke6 49. Nb2 Kd7 50. Nc4 Kc7 51. Rb5 Rf8+ 52. Kg3 Rf4 53. Ne3 Kc6 54. Rf5 Rxb4 55. Rf6 h5 56. Rg6 h4+ 57. Kf3 Rf4+ 58. Ke2 Rb4 59. Kf3 Rf4+ 60. Ke2 Rb4 61. h3 Rxb7 62. Nc4 Re7+ 63. Kf3 Rf7+ 64. Kg2 Kd5 65. Nxd6 Rh7 66. Nf5 Ke5 67. Ne3 Kf4 68. Nd5+ Kf5 69. Rg8 Nd7 70. Ne3+ Kf6 71. Kf3 Ne5+ 72. Ke4 Ng6 73. Ng4+ Kf7 74. Ra8 Nf4 75. Kf5 Rh5 76. Ra7+ Kf8 77. Nf6 Rh6 78. Kxg5 Rg6+ 79. Kf5 Rh6 80. Nd7+ Ke7 81. Ne5+ 1-0

[Event "Barcelona Tres Peons-A 45th"]
[Site "Barcelona"]
[Date "2016.04.29"]
[Round "3.5"]
[White "Bielecki, Pawel"]
[Black "Sama Salinas, Hector"]
[Result "1/2-1/2"]
[WhiteElo "1990"]
[BlackElo "2087"]
[PlyCount "58"]
[EventDate "2016.04.15"]
[EventType "swiss"]
[EventRounds "9"]
[EventCountry "ESP"]
[SourceTitle "EXT 2024"]
[Source "ChessBase"]
[SourceDate "2023.10.10"]
[SourceVersion "1"]
[SourceVersionDate "2023.10.10"]
[SourceQuality "1"]

1. e4 e6 2. d4 d5 3. Nd2 Be7 4. Ngf3 Nf6 5. e5 Nfd7 6. Nb3 c5 7. dxc5 Nxc5 8. Nxc5 Bxc5 9. Bd3 Nc6 10. 0-0 h6 11. c3 a6 12. Qa4 Bd7 13. Qg4 Bf8 14. Bd2 Qc7 15. Rfe1 0-0-0 16. b4 f6 17. exf6 gxf6 18. a4 e5 19. Bf5 Ne7 20. Bxd7+ Qxd7 21. Qh4 Qf5 22. Kh1 Ng6 23. Qg3 Qh5 24. Ng1 Bd6 25. Qh3+ Qxh3 26. Nxh3 Kb8 27. f3 Rc8 28. Nf2 Rc4 29. Ng4 d4 1/2-1/2

[Event "Barcelona Tres Peons-A 45th"]
[Site "Barcelona"]
[Date "2016.04.22"]
[Round "2.1"]
[White "Gallego Bergada, Antoni"]
[Black "Bielecki, Pawel"]
[Result "1/2-1/2"]
[WhiteElo "2165"]
[BlackElo "1990"]
[PlyCount "35"]
[EventDate "2016.04.15"]
[EventType "swiss"]
[EventRounds "9"]
[EventCountry "ESP"]
[SourceTitle "EXT 2024"]
[Source "ChessBase"]
[SourceDate "2023.10.10"]
[SourceVersion "1"]
[SourceVersionDate "2023.10.10"]
[SourceQuality "1"]

1. e4 c5 2. Nf3 e6 3. d4 cxd4 4. Nxd4 a6 5. Nc3 b5 6. Bd3 Qb6 7. Nb3 Qc7 8. f4 Bb7 9. a3 d6 10. 0-0 g6 11. Qe2 Nd7 12. Kh1 h5 13. f5 e5 14. Bg5 Be7 15. Rad1 h4 16. Rd2 h3 17. g3 Rd8 18. Rfd1 1/2-1/2

[Event "Barcelona Tres Peons 8th"]
[Site "Barcelona"]
[Date "2016.03.09"]
[Round "9.4"]
[White "Exposito Amaro, Josue"]
[Black "Bielecki, Pawel"]
[Result "1-0"]
[WhiteElo "2288"]
[BlackElo "1970"]
[PlyCount "95"]
[EventDate "2016.01.13"]
[EventType "swiss"]
[EventRounds "9"]
[EventCountry "ESP"]
[SourceTitle "EXT 2024"]
[Source "ChessBase"]
[SourceDate "2023.10.10"]
[SourceVersion "1"]
[SourceVersionDate "2023.10.10"]
[SourceQuality "1"]

1. e4 c5 2. Nf3 g6 3. c3 Bg7 4. d4 cxd4 5. cxd4 d5 6. e5 Nc6 7. h3 Nh6 8. Nc3 0-0 9. Bb5 f6 10. exf6 exf6 11. 0-0 Re8 12. Ba4 Be6 13. Re1 Rc8 14. Bb3 Nf7 15. Bxd5 Bxd5 16. Rxe8+ Qxe8 17. Nxd5 f5 18. Be3 Qd7 19. Nc3 Rd8 20. Qb3 Na5 21. Qc2 Nc4 22. Rd1 Nxe3 23. fxe3 Qe6 24. Qd3 Bh6 25. Re1 Nd6 26. d5 Qf6 27. Nd4 a6 28. Ne6 Rc8 29. e4 Qe5 30. Re2 fxe4 31. Nxe4 Rc1+ 32. Kf2 Qf5+ 33. Qf3 Nxe4+ 34. Rxe4 Qxd5 35. Re2 Qxf3+ 36. Kxf3 Rc8 37. Ke4 Bg7 38. Kd5 Bf6 39. Kd6 Kf7 40. Kd7 Rc4 41. Rf2 Rb4 42. b3 h5 43. Nc7 Rd4+ 44. Kc8 a5 45. Kxb7 a4 46. Kc6 axb3 47. axb3 Rd1 48. Nd5 1-0

[Event "Barcelona Tres Peons 8th"]
[Site "Barcelona"]
[Date "2016.02.03"]
[Round "4.4"]
[White "Bielecki, Pawel"]
[Black "Hernando Rodrigo, Julio Antonio"]
[Result "0-1"]
[WhiteElo "1970"]
[BlackElo "2389"]
[PlyCount "39"]
[EventDate "2016.01.13"]
[EventType "swiss"]
[EventRounds "9"]
[EventCountry "ESP"]
[SourceTitle "EXT 2024"]
[Source "ChessBase"]
[SourceDate "2023.10.10"]
[SourceVersion "1"]
[SourceVersionDate "2023.10.10"]
[SourceQuality "1"]

1. e4 e6 2. d4 d5 3. Nd2 a6 4. Ngf3 Nf6 5. exd5 exd5 6. Bd3 Nc6 7. h3 Nb4 8. Nb3 Nxd3+ 9. Qxd3 Bd6 10. 0-0 Ne4 11. c4 c6 12. Nbd2 Bf5 13. Nxe4 Bxe4 14. Qc3 0-0 15. Ne5 dxc4 16. Nxc4 Be7 17. Be3 Qd5 18. f3 Bf5 19. Kh1 Rfe8 20. Bg1 0-1

[Event "Barcelona Vila de Gracia op 9th"]
[Site "Barcelona"]
[Date "2015.11.27"]
[Round "9"]
[White "Bielecki, Pawel"]
[Black "Barragan Hernandez, Manel"]
[Result "0-1"]
[WhiteElo "2137"]
[BlackElo "2097"]
[PlyCount "98"]
[EventDate "2015.10.02"]
[EventType "swiss"]
[EventRounds "9"]
[EventCountry "ESP"]
[SourceTitle "CBM 169 Extra"]
[Source "ChessBase"]
[SourceDate "2015.12.18"]
[SourceVersion "1"]
[SourceVersionDate "2015.12.18"]
[SourceQuality "1"]

1. e4 e5 2. Nf3 Nc6 3. Bb5 a6 4. Ba4 Nf6 5. 0-0 Be7 6. Re1 b5 7. Bb3 0-0 8. a4 Bb7 9. d3 Re8 10. Nbd2 h6 11. Nf1 Bf8 12. Ne3 g6 13. h3 Bg7 14. Bd2 Qe7 15. Nd5 Nxd5 16. Bxd5 bxa4 17. Rxa4 Nd8 18. Bxb7 Nxb7 19. b4 c5 20. Qa1 cxb4 21. Bxb4 Qe6 22. Rb1 Qc6 23. Qa2 Reb8 24. Ra1 Nc5 25. Bxc5 Qxc5 26. Ra5 Qc3 27. Ra3 Qc6 28. Ra5 Qc3 29. Qd5 Qxc2 30. Nxe5 Rb1+ 31. Rxb1 Qxb1+ 32. Kh2 Bxe5+ 33. Qxe5 Qxd3 34. Rd5 Qb3 35. f4 Qb8 36. Rd6 a5 37. Qd5 Kg7 38. e5 Ra7 39. Rf6 Qf8 40. Qd4 Rb7 41. Rd6 Rb4 42. Qd5 a4 43. Rxd7 Rxf4 44. Kg3 Rf5 45. Qd4 Qb8 46. Rd6 Qb3+ 47. Kh2 Rg5 48. e6+ Kh7 49. Rd8 Qg3+ 0-1

[Event "Barcelona Vila de Gracia op 9th"]
[Site "Barcelona"]
[Date "2015.10.30"]
[Round "5"]
[White "Capellades Subirana, Marc"]
[Black "Bielecki, Pawel"]
[Result "1-0"]
[WhiteElo "2327"]
[BlackElo "2137"]
[PlyCount "117"]
[EventDate "2015.10.02"]
[EventType "swiss"]
[EventRounds "9"]
[EventCountry "ESP"]
[SourceTitle "CBM 169 Extra"]
[Source "ChessBase"]
[SourceDate "2015.12.18"]
[SourceVersion "1"]
[SourceVersionDate "2015.12.18"]
[SourceQuality "1"]

1. e4 c5 2. Nf3 a6 3. d4 cxd4 4. Nxd4 Nf6 5. Nc3 e5 6. Nb3 Bb4 7. Bd3 d5 8. exd5 Nxd5 9. Bd2 Nxc3 10. bxc3 Bd6 11. 0-0 0-0 12. f4 Nc6 13. Qe2 Qh4 14. Qe4 g6 15. f5 Qxe4 16. Bxe4 gxf5 17. Bxf5 Bxf5 18. Rxf5 Ne7 19. Rf6 Rad8 20. Bh6 Rfe8 21. Raf1 Nd5 22. Rxf7 Nf4 23. Rxb7 Ne2+ 24. Kh1 Re6 25. Bg5 Rde8 26. g3 Nxc3 27. Nd2 e4 28. Nc4 Nxa2 29. Nxd6 Rxd6 30. Rff7 Rg6 31. Be3 Nb4 32. Rxh7 Nxc2 33. Bc1 Rb8 34. Rxb8+ Kxh7 35. Rc8 Ne1 36. Kg1 Re6 37. Be3 Kg6 38. Kf2 Nf3 39. h3 Rf6 40. Ke2 Re6 41. g4 Kf7 42. Rc7+ Re7 43. Rc1 Rb7 44. Bf4 Rb3 45. Rc7+ Kf8 46. Bh6+ Kg8 47. Kf2 Nd4 48. Rg7+ Kh8 49. Re7 Nc6 50. Rc7 Nb4 51. Kg2 a5 52. g5 Nd5 53. Rf7 Ne3+ 54. Kf2 Nd1+ 55. Ke1 Nb2 56. g6 Nd3+ 57. Kd2 Rb2+ 58. Ke3 Rb8 59. g7+ 1-0

[Event "Barcelona Puig op 1st"]
[Site "Barcelona"]
[Date "2015.10.14"]
[Round "3.3"]
[White "Bielecki, Pawel"]
[Black "Shatko, Danil"]
[Result "0-1"]
[WhiteElo "2146"]
[BlackElo "2315"]
[PlyCount "90"]
[EventDate "2015.09.30"]
[EventType "swiss"]
[EventRounds "9"]
[EventCountry "ESP"]
[SourceTitle "EXT 2024"]
[Source "ChessBase"]
[SourceDate "2023.10.10"]
[SourceVersion "1"]
[SourceVersionDate "2023.10.10"]
[SourceQuality "1"]

1. e4 e6 2. d4 d5 3. exd5 exd5 4. c4 Nf6 5. Nc3 Be7 6. Bd3 0-0 7. Nge2 a6 8. 0-0 dxc4 9. Bxc4 b5 10. Bb3 Bb7 11. Bf4 Bd6 12. Rc1 Bxf4 13. Nxf4 Qd6 14. Nh5 Nbd7 15. Nxf6+ Nxf6 16. Ne2 Rac8 17. Ng3 Rfd8 18. Nf5 Qd7 19. Rc5 Be4 20. Bc2 g6 21. Ng3 Qxd4 22. Nxe4 Nxe4 23. Qxd4 Rxd4 24. Bxe4 Rxe4 25. f3 Re2 26. Rf2 Re1+ 27. Rf1 Rxf1+ 28. Kxf1 c6 29. b4 Kf8 30. Ke2 Ke7 31. Kd3 Kd6 32. Kd4 Re8 33. Rc2 Re1 34. g3 Rd1+ 35. Kc3 f5 36. Re2 Rc1+ 37. Kb2 Rf1 38. f4 c5 39. bxc5+ Kxc5 40. Kb3 Rf3+ 41. Kb2 a5 42. Kb1 a4 43. Kb2 a3+ 44. Kc2 Kc4 45. Rg2 Rf1 0-1

[Event "Barcelona Vila de Gracia op 9th"]
[Site "Barcelona"]
[Date "2015.10.09"]
[Round "2"]
[White "Bielecki, Pawel"]
[Black "Calderon Gutierrez, Felipe"]
[Result "1-0"]
[WhiteElo "2137"]
[BlackElo "2000"]
[PlyCount "89"]
[EventDate "2015.10.02"]
[EventType "swiss"]
[EventRounds "9"]
[EventCountry "ESP"]
[SourceTitle "CBM 169 Extra"]
[Source "ChessBase"]
[SourceDate "2015.12.18"]
[SourceVersion "1"]
[SourceVersionDate "2015.12.18"]
[SourceQuality "1"]

1. e4 c5 2. Nf3 e6 3. d4 cxd4 4. Nxd4 Nc6 5. Nb5 d6 6. c4 a6 7. N5c3 Nf6 8. Be2 Be7 9. 0-0 0-0 10. Be3 b6 11. Na3 Bb7 12. f3 Qc7 13. Rc1 Nd7 14. Nd5 Qd8 15. Nxe7+ Qxe7 16. Nc2 a5 17. Nd4 Nxd4 18. Qxd4 Nc5 19. Rfd1 Rfd8 20. Qc3 Rd7 21. a3 a4 22. Qb4 Qd8 23. Rc2 Bc6 24. Rcd2 Rb8 25. Bf4 e5 26. Be3 Qc7 27. Bf1 Rdd8 28. g3 f5 29. Bg5 fxe4 30. Bxd8 Rxd8 31. fxe4 Nxe4 32. Rc2 Rf8 33. Bg2 b5 34. Bxe4 Qa7+ 35. c5 dxc5 36. Qxc5 Qxc5+ 37. Rxc5 Bxe4 38. Rxe5 Bf3 39. Rf1 Bc6 40. Rxf8+ Kxf8 41. Kf2 Kf7 42. Ke3 Kf6 43. Kd4 g6 44. Re3 Kg5 45. Kc5 1-0

[Event "Foment Martinenc op-A 17th"]
[Site "Barcelona"]
[Date "2015.06.13"]
[Round "8"]
[White "Pulido Leon, Manuel"]
[Black "Bielecki, Pawel"]
[Result "0-1"]
[WhiteElo "1906"]
[BlackElo "2010"]
[PlyCount "66"]
[EventDate "2015.04.25"]
[EventType "swiss"]
[EventRounds "9"]
[EventCountry "ESP"]
[SourceTitle "EXT 2017"]
[Source "ChessBase"]
[SourceDate "2016.10.25"]
[SourceVersion "1"]
[SourceVersionDate "2016.10.25"]
[SourceQuality "1"]

1. e4 c5 2. Nf3 g6 3. d4 cxd4 4. Nxd4 Nc6 5. Be3 Nf6 6. Nc3 Bg7 7. Be2 0-0 8. Qd2 d5 9. exd5 Nxd5 10. Nxc6 bxc6 11. Nxd5 cxd5 12. Bf3 Ba6 13. Bxd5 Rb8 14. c3 Qa5 15. Bb3 Rxb3 16. axb3 Qxa1+ 17. Qc1 Qa5 18. f3 Qd5 19. Kf2 Qxb3 20. Rd1 Qb7 21. Qd2 Bb5 22. Ke1 e5 23. b3 e4 24. c4 Bc6 25. b4 exf3 26. b5 f2+ 27. Kxf2 Bxg2 28. c5 Qf3+ 29. Kg1 Qg4 30. Kf2 Bf6 31. Bf4 Qf3+ 32. Kg1 Bh3 33. Re1 Bd4+ 0-1

[Event "Foment Martinenc op-A 17th"]
[Site "Barcelona"]
[Date "2015.06.06"]
[Round "7"]
[White "Povill Claros, Xavier"]
[Black "Bielecki, Pawel"]
[Result "1-0"]
[WhiteElo "2005"]
[BlackElo "2010"]
[PlyCount "55"]
[EventDate "2015.04.25"]
[EventType "swiss"]
[EventRounds "9"]
[EventCountry "ESP"]
[SourceTitle "EXT 2017"]
[Source "ChessBase"]
[SourceDate "2016.10.25"]
[SourceVersion "1"]
[SourceVersionDate "2016.10.25"]
[SourceQuality "1"]

1. d4 g6 2. c4 Nf6 3. Nc3 d5 4. Bg5 Ne4 5. Qc1 Nxc3 6. bxc3 Bg7 7. Bh6 Bf6 8. Nf3 Bg4 9. Qf4 Bxf3 10. Qxf3 c6 11. cxd5 cxd5 12. e4 dxe4 13. Bb5+ Nd7 14. Qxe4 a6 15. Bxd7+ Qxd7 16. 0-0 0-0-0 17. Rab1 Qd5 18. Qg4+ e6 19. Qf4 Qf5 20. Rb6 Qxf4 21. Bxf4 Rd7 22. Rfb1 e5 23. dxe5 Rhd8 24. Kf1 Be7 25. Ke2 Bc5 26. e6 Re8 27. Rc6+ bxc6 28. Rb8# 1-0